000 00644nam a2200241 a 4500
001 nice12345678
003 IN_TiNIC
005 20260116013048.0
008 050524s1985 newa grp 000 0 eng
020 _a0300153
_c294
082 0 0 _a320.550917671
_bSIV
100 _aSivan, Emmanuel
245 _aRadical Islam
_b Medieval Theology and Modern Politics
260 _aNew Haven
_bYale University Press
_c1985
300 _a238p
500 _aincludes index and biblioraphy
505 2 _aIndex
650 _aReligious Fundamentalism-Islamic
700 1 _aSivan, Emmanuel
902 _bSRS
942 _cBK
999 _c9490
_d9490